000 00353nam a2200133Ia 4500
008 151001s9999||||xx |||||||||||||| ||und||
100 _aशिवराज गोर्ले
245 _aबुलंद
250 _a1
260 _bअंजली प्रकाशन पुणे
260 _c1990
300 _a230
365 _b21
999 _c970293
_d970290